Statistics for Footballers by Career - Crystal Palace

Click here to take the quiz!

General Stats

  • This quiz has been taken 27 times
  • The average score is 7 of 10

Answer Stats

Player% Correct
Wilfried Zaha
100%
Christian Benteke
96%
Jordan Ayew
96%
Andros Townsend
88%
Ian Wright
84%
Patrick van Aanholt
80%
Yannick Bolasie
76%
Luka Milivojević
68%
Gábor Király
32%
Chris Coleman
24%

Score Distribution

Percentile by Number Answered

Percent of People with Each Score

Your Score History

You have not taken this quiz